De las vías de comunicación en la provincia de Gerona y medios con que acudir al necesario fomento de los caminos provinciales y vecinales : memoria premiada por la Sociedad Económica Gerundense de Amigos del País en el concurso de 1881 / Por Esteban Muxach y Viñas memoria premiada por la Sociedad Económica Gerundense de Amigos del País en el concurso de 1881 / Por Esteban Muxach y Viñas
Descripción Física:
50 p. ; 26 cm
Otros Autores:
Sociedad Económica Gerundense de Amigos del País
Materias:
Camins -- Girona (Província)
MARC
| LEADER | 00000nam a2200000Ia 4500 | ||
|---|---|---|---|
| 001 | 19701 | ||
| 008 | 160829s1883 xx 000 0 cat d | ||
| 080 | |a 1421, exp. 4 | ||
| 100 | |a Muxach Viñas, Esteban |9 43616 | ||
| 245 | |a De las vías de comunicación en la provincia de Gerona y medios con que acudir al necesario fomento de los caminos provinciales y vecinales : |b memoria premiada por la Sociedad Económica Gerundense de Amigos del País en el concurso de 1881 / Por Esteban Muxach y Viñas | ||
| 260 | |a Gerona : |b Imprenta del Hospicio Provincial, |c 1883 | ||
| 300 | |a 50 p. ; |c 26 cm | ||
| 650 | 0 | |a Camins |z Girona (Província) |9 43617 | |
| 700 | |a Sociedad Económica Gerundense de Amigos del País |9 43618 | ||
| 901 | |a Arxiu | ||
| 942 | |n 1 | ||
| 952 | |0 0 |1 0 |4 0 |6 1421_EXP_4 |7 1 |9 51538 |a Arxiu |b Arxiu |d 2016-12-01 |l 0 |o 1421, exp. 4 |p 19701 |r 2016-12-01 00:00:00 |w 2016-12-01 |y ARXIU | ||
| 999 | |c 55383 |d 55383 | ||